2025-2026 NFL Head Coaches - Statistics

General Stats
  • This quiz has been taken 271 times
  • The average score is 23 of 32
Answer Stats
Division Team Answer % Correct
AFC West Chargers Jim Harbaugh
93%
AFC North Ravens John Harbaugh
93%
AFC West Chiefs Andy Reid
91%
NFC West Rams Sean McVay
90%
NFC North Bears Ben Johnson
89%
NFC East Giants Brian Daboll
88%
NFC North Lions Dan Campbell
87%
AFC East Dolphins Mike McDaniel
87%
AFC North Steelers Mike Tomlin
87%
NFC West 49ers Mike Shanahan
84%
AFC East Patriots Mike Vrabel
84%
AFC West Broncos Sean Peyton
84%
AFC East Bills Sean McDermott
82%
NFC North Packers Matt LaFleur
80%
AFC West Raiders Pete Carroll
79%
NFC East Commanders Dan Quinn
75%
AFC North Browns Kevin Stefanski
75%
AFC North Bengals Zac Taylor
73%
NFC North Vikings Kevin O'Connell
72%
AFC East Jets Aaron Glenn
70%
NFC East Eagles Nick Siriani
70%
NFC South Buccaneers Todd Bowles
67%
AFC South Jaguars Liam Coen
66%
AFC South Texans DeMeco Ryans
65%
NFC East Cowboys Brian Schottenheimer
63%
NFC West Seahawks Mike Macdonald
63%
NFC West Cardinals Johnathan Gannon
56%
NFC South Falcons Raheem Morris
52%
NFC South Saints Kellen Moore
49%
AFC South Colts Shane Steichen
49%
NFC South Panthers Dave Canales
44%
AFC South Titans Brian Callahan
37%
No matching quizzes found
Score Distribution
Percent of People with Each Score
Percentile by Number Answered
Your Score History
You have not taken this quiz